00678nam a2200157 a 4500001001000000003000900010005001700019008004100036040002500077082001500102100003200117245013400149260007400283300003000357500013300387000029501DO-SdBNP20220218074454.0110418s1954 dr c 000 | spa d aDO-SdBNPbspacBNPHU axxxbC175p1 aCambiaso Lluberes, Pedro A.10aPolítica social de Trujillo :bcomentarios acerca de recientes disposiciones legales al respecto /cPedro A. Cambiaso Lluberes. aCiudad Trujillo, República Dominicana :bEditora del Caribe,c1954. a28 p. :bretrs. ;c23 cm. aConferencia pronunciada en el Auditórium del Palacio del Partido Dominicano de la ciudad de Azua el día 13 de marzo de 1954.